<?xml version="1.0" encoding="UTF-8"?>
<record
    xmlns:xsi="http://www.w3.org/2001/XMLSchema-instance"
    xsi:schemaLocation="http://www.loc.gov/MARC21/slim http://www.loc.gov/standards/marcxml/schema/MARC21slim.xsd"
    xmlns="http://www.loc.gov/MARC21/slim">

  <leader>01907nam a2200193Ia 4500</leader>
  <datafield tag="952" ind1=" " ind2=" ">
    <subfield code="0">0</subfield>
    <subfield code="1">0</subfield>
    <subfield code="4">0</subfield>
    <subfield code="7">0</subfield>
    <subfield code="a">11</subfield>
    <subfield code="b">11</subfield>
    <subfield code="d">2007-01-08</subfield>
    <subfield code="l">0</subfield>
    <subfield code="o">LB1562 G6</subfield>
    <subfield code="p">11 001048</subfield>
    <subfield code="r">2012-06-26</subfield>
    <subfield code="t">1</subfield>
    <subfield code="w">2012-06-26</subfield>
    <subfield code="y">LB</subfield>
  </datafield>
  <datafield tag="999" ind1=" " ind2=" ">
    <subfield code="c">68907</subfield>
    <subfield code="d">68907</subfield>
  </datafield>
  <controlfield tag="008">120626s1984    mx            000 0 spa d</controlfield>
  <datafield tag="050" ind1=" " ind2=" ">
    <subfield code="a">LB1562 </subfield>
    <subfield code="b">G6</subfield>
  </datafield>
  <datafield tag="100" ind1=" " ind2=" ">
    <subfield code="a">Gonz&#xE1;lez Urrutia, Alicia C.</subfield>
    <subfield code="e">autor</subfield>
  </datafield>
  <datafield tag="245" ind1=" " ind2=" ">
    <subfield code="a">Pr&#xE1;ctica pedag&#xF3;gica de la ense&#xF1;anza de la lectura, la escritura y la expresi&#xF3;n oral en la educaci&#xF3;n b&#xE1;sica</subfield>
    <subfield code="c">/ Alicia, Gonz&#xE1;lez Urrieta y et. al.</subfield>
  </datafield>
  <datafield tag="260" ind1=" " ind2=" ">
    <subfield code="a">M&#xE9;xico </subfield>
    <subfield code="b">: Consejo Nacional T&#xE9;cnico de la Educaci&#xF3;n</subfield>
    <subfield code="c">, 1984</subfield>
  </datafield>
  <datafield tag="300" ind1=" " ind2=" ">
    <subfield code="a">167 p&#xE1;ginas</subfield>
  </datafield>
  <datafield tag="490" ind1=" " ind2=" ">
    <subfield code="a">Cuadernos</subfield>
    <subfield code="v">: 7</subfield>
  </datafield>
  <datafield tag="500" ind1=" " ind2=" ">
    <subfield code="a">Incluye: Indice, Introducci&#xF3;n</subfield>
  </datafield>
  <datafield tag="505" ind1=" " ind2=" ">
    <subfield code="a">El lenguaje verbal como factor determinante del desarrollo integral del individuo  
Los m&#xE9;todos de lecto- escritura empleados en M&#xE9;xico  
Educaci&#xF3;n preescolar  
Programas integrados para el primero y segundo grados de educaci&#xF3;n primaria  
Estructura del programa integrado para el primer grado  
La ense&#xF1;anza de la lectura y la escritura mediante el programa integrado  
Algunas observaciones a los programas de espa&#xF1;ol para 3&#xB0;, 4&#xB0;, 5&#xB0; y 6&#xB0; grados de educaci&#xF3;n primaria plan- 1972  
Libros de texto gratuito de Espa&#xF1;ol de educaci&#xF3;n primaria  
Libros auxiliares de Espa&#xF1;ol de 3&#xB0; a 6&#xB0; grados para el maestro  
An&#xE1;lisis de los programas de educaci&#xF3;n secundaria plan de estudios 1974  
Telesecundaria: la programaci&#xF3;n televisiva y las gu&#xED;as de estudio  
Algunas investigaciones relacionadas con la ense&#xF1;anza y el aprendizaje del lenguaje  
Factores pedag&#xF3;gicos, psicol&#xF3;gicos y socioecon&#xF3;micos que influyen sobre el rendimiento escolar en la lengua nacional y en aritm&#xE9;tica y geometr&#xED;a  
La realidad del hecho educativo sistematizado  
Sugerencias para mejorar la pr&#xE1;ctica pedag&#xF3;gica de la ense&#xF1;anza del lenguaje  </subfield>
  </datafield>
  <datafield tag="519" ind1=" " ind2=" ">
    <subfield code="a">Material Complementario/  </subfield>
    <subfield code="b">Pedagog&#xED;a / </subfield>
    <subfield code="d">(11 001048)  
</subfield>
  </datafield>
  <datafield tag="650" ind1=" " ind2="0">
    <subfield code="a">LECTURA (NIVEL B&#xC1;SICO)</subfield>
    <subfield code="z">M&#xC9;XICO</subfield>
  </datafield>
  <datafield tag="650" ind1=" " ind2="0">
    <subfield code="a">ENSE&#xD1;ANZA DE LA ESCRITURA (NIVEL B&#xC1;SICO)</subfield>
    <subfield code="z">M&#xC9;XICO</subfield>
  </datafield>
  <datafield tag="942" ind1=" " ind2=" ">
    <subfield code="c">LB</subfield>
  </datafield>
</record>
